[Event "Charlesbourg Zukertort"]
[Site "Charlesbourg"]
[Date "2010.05.24"]
[Round "5"]
[White "Gagnon, Francois"]
[Black "Filiatreault, Michel"]
[Result "0-1"]
[WhiteElo "1858"]
[BlackElo "1919"]
[PlyCount "74"]
[EventDate "2010.04.26"]
[EventType "swiss"]
[EventRounds "6"]
[EventCountry "CAN"]
[SourceTitle "EXT 2022"]
[Source "ChessBase"]
[SourceDate "2021.10.06"]
[SourceVersion "1"]
[SourceVersionDate "2021.10.06"]
[SourceQuality "1"]

1. e4 c5 2. Nf3 e6 3. d4 cxd4 4. Nxd4 Nc6 5. Nc3 a6 6. Be3 Qc7 7. Be2 Nf6 8. 0-0 b5 9. a3 Bb7 10. f4 Nxd4 11. Qxd4 Rc8 12. Kh1 Bc5 13. Qd3 Bxe3 14. Qxe3 Qc5 15. Qd3 d5 16. e5 Ne4 17. Nxe4 dxe4 18. Qg3 0-0 19. f5 exf5 20. c3 f4 21. Rxf4 Qxe5 22. Raf1 Bd5 23. Qh3 Be6 24. Qh4 f5 25. Qf2 Rf6 26. Qa7 g5 27. R4f2 Rh6 28. g3 e3 29. Rf3 Bd5 30. Kg2 Bxf3+ 31. Rxf3 f4 32. Qb7 Rc7 33. Qa8+ Kg7 34. Qd8 Rf6 35. gxf4 gxf4 36. Bd3 Qd6 37. Qxd6 Rxd6 0-1

[Event "Charlesbourg Olympiad"]
[Site "Charlesbourg"]
[Date "2009.10.12"]
[Round "1"]
[White "Lessard, Claude"]
[Black "Filiatreault, Michel"]
[Result "1-0"]
[WhiteElo "1949"]
[BlackElo "1926"]
[PlyCount "93"]
[EventDate "2009.10.12"]
[EventType "team"]
[EventRounds "6"]
[EventCountry "CAN"]
[SourceTitle "EXT 2011"]
[Source "ChessBase"]
[SourceDate "2010.11.26"]
[SourceVersion "1"]
[SourceVersionDate "2010.11.26"]
[SourceQuality "1"]

1. d4 d5 2. c4 c6 3. Nf3 Nf6 4. Nc3 e6 5. Bf4 Nbd7 6. e3 Be7 7. h3 0-0 8. Qc2 Nh5 9. Bh2 f5 10. cxd5 exd5 11. Bd3 g6 12. 0-0-0 Nhf6 13. Ne5 Ne4 14. f3 Nxc3 15. Qxc3 Nxe5 16. Bxe5 Be6 17. Kb1 Qb6 18. g4 Rac8 19. gxf5 Bxf5 20. Bxf5 Rxf5 21. e4 Rff8 22. h4 Bf6 23. h5 c5 24. hxg6 cxd4 25. gxh7+ Kh8 26. Bxf6+ Qxf6 27. Qxd4 Qxd4 28. Rxd4 dxe4 29. fxe4 Rf7 30. a3 Re8 31. Rh4 Rc7 32. Rd5 Rce7 33. Rg5 Rxh7 34. Rxh7+ Kxh7 35. Rg4 Rc8 36. Ka2 Rc7 37. Kb3 Kh6 38. Kb4 Kh5 39. Rg1 Kh6 40. b3 Rc6 41. a4 Kh7 42. e5 Re6 43. Re1 Kg7 44. Kc5 Kf7 45. Kd5 Ke7 46. a5 a6 47. Rc1 1-0

[Event "Charlesbourg Zukertort"]
[Site "Charlesbourg"]
[Date "2007.05.07"]
[Round "1"]
[White "Monga, Alain"]
[Black "Filiatreault, Michel"]
[Result "0-1"]
[WhiteElo "1770"]
[BlackElo "1879"]
[PlyCount "111"]
[EventDate "2007.05.07"]
[EventType "team-swiss"]
[EventRounds "6"]
[EventCountry "CAN"]
[SourceTitle "EXT 2022"]
[Source "ChessBase"]
[SourceDate "2021.10.06"]
[SourceVersion "1"]
[SourceVersionDate "2021.10.06"]
[SourceQuality "1"]
[WhiteTeam "Les no-names anonymes"]
[BlackTeam "Les Griffons"]
[WhiteTeamCountry "CAN"]
[BlackTeamCountry "CAN"]

1. e4 c5 2. Nf3 e6 3. d4 cxd4 4. Nxd4 Nc6 5. Nc3 Nf6 6. Bg5 h6 7. Be3 Bb4 8. Qd3 a6 9. Nxc6 bxc6 10. a3 Be7 11. Be2 0-0 12. 0-0 a5 13. Qd2 d5 14. e5 Nd7 15. Bf4 Ba6 16. Rfd1 Bxe2 17. Qxe2 Bg5 18. Qe3 Bxf4 19. Qxf4 Qc7 20. Re1 Rab8 21. b3 c5 22. a4 Rb4 23. Qg3 Rb6 24. Nb5 Qb8 25. Rad1 f6 26. Qc3 fxe5 27. Qxa5 e4 28. Qa7 Rxb5 29. Qxd7 Rb6 30. Qe7 Qc8 31. Qh4 Rb4 32. Qh3 Rf5 33. Qe3 Rf6 34. Rb1 Rb7 35. Rb2 c4 36. b4 e5 37. c3 Ra6 38. Qd2 Qe6 39. Ra1 Qd7 40. b5 Rxb5 41. Rxb5 Qxb5 42. Rd1 Rxa4 43. f3 Qc5+ 44. Kf1 exf3 45. Qxd5+ Qxd5 46. Rxd5 fxg2+ 47. Kxg2 Ra2+ 48. Kg3 Rc2 49. Rxe5 Rxc3+ 50. Kg4 Rc1 51. Rc5 Kf7 52. Rc7+ Kf6 53. Rc6+ Ke5 54. Kf3 Rc3+ 55. Kf2 Kd4 56. Rd6+ 0-1

[Event "Charlesbourg Keres"]
[Site "Charlesbourg"]
[Date "2007.04.16"]
[Round "3"]
[White "Filiatreault, Michel"]
[Black "Bisson, Real"]
[Result "1-0"]
[WhiteElo "1869"]
[BlackElo "1680"]
[PlyCount "59"]
[EventDate "2007.04.??"]
[EventType "swiss"]
[EventRounds "5"]
[EventCountry "CAN"]
[SourceTitle "EXT 2022"]
[Source "ChessBase"]
[SourceDate "2021.10.06"]
[SourceVersion "1"]
[SourceVersionDate "2021.10.06"]
[SourceQuality "1"]

1. c4 Nf6 2. g3 g6 3. Bg2 Bg7 4. Nc3 c5 5. d3 Nc6 6. e4 d6 7. Nge2 e5 8. 0-0 0-0 9. h3 Be6 10. Kh2 a6 11. f4 Qc7 12. Nd5 Bxd5 13. exd5 Nd4 14. fxe5 dxe5 15. Nxd4 exd4 16. Qf3 Ne8 17. Bf4 Qd7 18. h4 Nd6 19. Rae1 Rae8 20. Bh3 f5 21. h5 Rxe1 22. Rxe1 Re8 23. Rxe8+ Nxe8 24. hxg6 hxg6 25. g4 Nf6 26. gxf5 gxf5 27. Be5 Ng4+ 28. Bxg4 fxg4 29. Qe4 Kf7 30. Kg3 1-0